Central Library OPAC University of Rajshahi

Pollen physiology and fertilization : (Record no. 72932)

MARC details
000 -LEADER
fixed length control field 01144nam a2200265 a 4500
001 - CONTROL NUMBER
control field 72932
003 - CONTROL NUMBER IDENTIFIER
rucl marc code BD-RjUL
005 - DATE AND TIME OF LATEST TRANSACTION
control field 20211209082327.0
008 - FIXED-LENGTH DATA ELEMENTS--GENERAL INFORMATION
fixed length control field 170525s1964 ne a b 101 0 eng d
035 ## - SYSTEM CONTROL NUMBER
System control number (BD-RjUL)73150
040 ## - CATALOGING SOURCE
Original cataloging agency BD-RjUL
Language of cataloging eng
Transcribing agency BD-RjUL
041 ## - LANGUAGE CODE
Language code of text/sound track or separate title eng
082 ## - DEWEY DECIMAL CLASSIFICATION NUMBER
Edition number 23
Classification number 581.166
Author mark and year POL 1964
245 10 - TITLE STATEMENT
Title Pollen physiology and fertilization :
Remainder of title a symposium held at the University of Nijmegen, The Netherlands, August 1963 /
Statement of responsibility, etc. edited by H.F. Linskens
260 ## - PUBLICATION, DISTRIBUTION, ETC. (IMPRINT)
Place of publication, distribution, etc. Amsterdam :
Name of publisher, distributor, etc. North-Holland,
Date of publication, distribution, etc. c1964
300 ## - PHYSICAL DESCRIPTION
Pagination xii, 257 p. :
Illustrations ill. ;
Size 23 cm
500 ## - GENERAL NOTE
General note "Written version of papers delivered at the First International Symposium 'Pollen Physiology and Fertilization' ... The recorded discussions were subjected to some editorial abridgement."
504 ## - BIBLIOGRAPHY, ETC. NOTE
Bibliography, etc Includes bibliographies
650 #0 - SUBJECT ADDED ENTRY--TOPICAL TERM
Topical term or geographic name as entry element Fertilization of plants
General subdivision Congresses
9 (RLIN) 215722
Topical term or geographic name as entry element Pollen
General subdivision Congresses
9 (RLIN) 215723
700 1# - ADDED ENTRY--PERSONAL NAME
Personal name Linskens, H. F.
710 2# - ADDED ENTRY--CORPORATE NAME
Corporate name or jurisdiction name as entry element Katholieke Universiteit Nijmegen.
9 (RLIN) 215725
711 ## - ADDED ENTRY--MEETING NAME
Meeting name or jurisdiction name as entry element International Symposium "Pollen Physiology and Fertilization"
Location of meeting Nijmegen, Netherlands)
Date of meeting 1963 :
9 (RLIN) 215726
942 ## - ADDED ENTRY ELEMENTS (KOHA)
Source of classification or shelving scheme Dewey Decimal Classification
Koha item type Books
Holdings
Lost status Source of classification or shelving scheme Damaged status Not for loan Collection code Permanent Location Current Location Shelving location Date acquired Source of acquisition Cost, normal purchase price Total Checkouts Full call number Date last seen Copy number Koha item type
  Dewey Decimal Classification   Not For Loan Non-fiction Central Library, University of Rajshahi Central Library, University of Rajshahi Reading Room 26/10/1968 Book view 80.00   581.166 POL 1964 25/05/2017 C-1 Books